Puchar Świata - Klasyfikacja generalna za sezon 2017/18 - Statystyki

Ogólne statystyki
  • Ten quiz został rozwiązany 149 razy
  • Średni wynik to 55 z 74
Statystyki odpowiedzi
Miejsce Skoczek Narodowość Pkt % Poprawnych
16. Piotr Żyła Polska 403
100%
9. Dawid Kubacki Polska 633
99%
1. Kamil Stoch Polska 1443
99%
4. Stefan Kraft Austria 881
98%
2. Richard Freitag Niemcy 1070
97%
13. Stefan Hula Polska 431
97%
3. Daniel-Andre Tande Norwegia 985
96%
7. Johann Andre Forfang Norwegia 821
96%
11. Junshiro Kobayashi Japonia 568
96%
24. Ryoyu Kobayashi Japonia 187
96%
33. Domen Prevc Słowenia 81
95%
21. Maciej Kot Polska 261
95%
15. Peter Prevc Słowenia 416
95%
6. Andreas Wellinger Niemcy 828
93%
14. Karl Geiger Niemcy 427
93%
5. Robert Johansson Norwegia 840
93%
10. Markus Eisenbichler Niemcy 597
91%
26. Noriaki Kasai Japonia 164
89%
57. Roman Koudelka Czechy 12
89%
19. Simon Ammann Szwajcaria 312
89%
32. Timi Zajc Słowenia 88
88%
36. Jakub Wolny Polska 73
87%
39. Kevin Bickner Stany Zjednoczone 50
87%
18. Stephan Leyhe Niemcy 327
86%
38. Gregor Deschwanden Szwajcaria 54
85%
63. Daiki Ito Japonia 8
83%
23. Michael Hayboeck Austria 245
83%
47. Mackenzie Boyd-Clowes Kanada 31
82%
59. Alex Insam Włochy 11
81%
20. Halvor Egner Granerud Norwegia 280
81%
8. Andreas Stjernen Norwegia 665
80%
52. Vladimir Zografski Bułgaria 15
79%
65. Evgeniy Klimov Rosja 7
78%
Killian Peier Szwajcaria 13
78%
41. Marius Lindvik Norwegia 49
78%
Tomasz Pilch Polska 1
78%
45. Yukiya Sato Japonia 41
78%
12. Anders Fannemel Norwegia 500
77%
27. Manuel Fettner Austria 137
77%
30. Pius Paschke Niemcy 90
77%
31. Taku Takeuchi Japonia 89
77%
54. Antti Aalto Finlandia 13
76%
22. Anze Semenic Słowenia 256
75%
17. Jernej Damjan Słowenia 379
75%
28. Daniel Huber Austria 117
74%
44. Ziga Jelar Słowenia 43
74%
Constantin Schmid Niemcy 81
73%
42. Denis Kornilov Rosja 46
73%
50. Jurij Tepes Słowenia 22
73%
35. Gregor Schlierenzauer Austria 77
72%
48. Cestmir Kozisek Czechy 30
69%
49. Robert Kranjec Słowenia 26
67%
46. Philipp Aschenwald Austria 35
66%
67. Vincent Descombes Sevoie Francja 4
65%
25. Tilen Bartol Słowenia 185
64%
29. Clemens Aigner Austria 104
63%
Naoki Nakamura Japonia 2
63%
73. Sebastian Colloredo Włochy 1
63%
Bor Pavlovcic Słowenia 13
58%
68. Vojtech Stursa Czechy 3
57%
David Siegel Niemcy 11
54%
Dimitriy Vassiliev Rosja 2
54%
Andreas Schuler Szwajcaria 2
53%
66. Eetu Nousiainen Finlandia 6
53%
43. Andreas Wank Niemcy 45
50%
69. Clemens Leitner Austria 2
49%
Nejc Dezman Słowenia 50
49%
37. Manuel Poppinger Austria 66
48%
William Rhoads Stany Zjednoczone 12
46%
Jonathan Learoyd Francja 8
43%
Ulrich Wohlgenannt Austria 9
42%
61. Sondre Ringen Norwegia 9
40%
53. Tomaz Naglic Słowenia 14
37%
51. Florian Altenburger Austria 20
29%
Nie znaleziono quizów pasujących do podanych kryteriów
Rozkład punktacji
Procent ludzi z każdym wynikiem
Percentyl według liczby udzielonych odpowiedzi
Twoja historia wyników
Nie rozwiązałeś tego quizu